| 000 | 00359pab a2200157 454500 | ||
|---|---|---|---|
| 008 | 180718b2009 xxu||||| |||| 00| 0 eng d | ||
| 100 | _aChandola, Harish | ||
| 245 | _aChinese soldiers on Indian borders | ||
| 260 | _c2009 | ||
| 300 | _ap.13-14. | ||
| 362 | _a26 Sep | ||
| 650 | _aBorder disputes | ||
| 773 | _aMainstream | ||
| 908 | _aN | ||
| 909 | _a84010 | ||
| 999 |
_c84010 _d84010 |
||